书目信息 |
| 书名: | The state and revolution | |
| 作者: | V.I. Lenin | |
| 分册号: | ||
| 分册名: | 出版地: | Tirana : |
|
| 出版社: | B N?ntori Pub. House | |
| 出版时间: | 1980. | |
| 页数: | 151 p. ; | |
| 开本: | 20cm : | |
| 丛书名: | ||
| 中图分类号: | ||
| 科图分类号: | ||
| 其他分类号: | A225 | |
| 主题词: | ||
| 电子资源: | ||
| 000 | 00764nam 2200193 a 4500 | |
| 001 | E0760612325 | |
| 005 | 20070305165300.71 | |
| 008 | uu | |
| 040 | @aNLC | |
| 049 | @aN5LA | |
| 090 | @a2/A225/1709/EnT//////951463 | |
| 090 | @aA225 | |
| 096 | @aA225 @v2 | |
| 099 | @dA225@ex14 | |
| 100 | 1 | @aLenin, Vladimir Il?ich, @d1870-1924. |
| 245 | 14 | @aThe state and revolution :@bthe Marxist theory of the state and the tasks of the proletariat in the revolution / @cV.I. Lenin |
| 260 | @aTirana :@bB N?ntori Pub. House,@c1980. | |
| 300 | @a151 p. ;@c20cm :@b00@lNLC09@h2243 :@b40 ;@c20021223@lNLC09@h2007 :@b40 ;@c20021223@lNLC09@h2007@lNLC09@h2219@lNLC09@h1811 :@b01 ;@c20031024@lNLC09@h0726 :@b01 ;@c20031024@lNLC09@h0726 | |
| 852 | 9 | @bWWJC @cJ08S @k2 @hA225/1709 @iEnT |
| The state and revolution : : the Marxist theory of the state and the tasks of the proletariat in the revolution / / V.I. Lenin.-Tirana : : B N?ntori Pub. House, , 1980. |
| 151 p. ; ; 20cm : : 00 : 40 ; ; 20021223 : 40 ; ; 20021223 : 01 ; ; 20031024 : 01 ; ; 20031024 |
| ISBN |
| ● |
| 相关链接 |
|
|
|
|
正题名:state and revolution
索取号:A225/x14
 
预约/预借
| 序号 | 登录号 | 条形码 | 馆藏地/架位号 | 状态 | 备注 |
| 1 | 000167 | 300001673 | 第四借阅区/ [索取号:A225/x14] | 在馆 |